Normal view MARC view
  • Mujeres

Entry Materia

Number of records used in: 5

001 - NÚMERO DE CONTROL DEL REGISTRO

  • campo de control: 9224

003 - IDENTIFICADOR DE NUMERO DE CONTROL

  • campo de control: UPN

005 - FECHA Y HORA DE LA ÚLTIMA TRANSACCIÓN

  • campo de control: 20230309123200.0

008 - DATOS DE LONGITUD FIJA

  • campo de control de longitud fija: 230309n||acnnnbabn | ana |d

035 ## - NÚMERO DE CONTROL DEL SISTEMA

  • Número de control del sistema: UPN10000009230

040 ## - FUENTE DE LA CATALOGACIÓN

  • Centro catalogador de origen: UPN
  • Lengua de catalogación: spa
  • Agencia de transcripción: UPN

046 ## - FECHAS CON CODIFICACIÓN ESPECIAL

  • Fecha final para contenidos agregados: 2023

150 ## - ENCABEZAMIENTO - TEMÁTICO

  • Término de materia o nombre geográfico como elemento inicial: Mujeres
  • Subdivisión de materia general: Educación
  • Subdivisión geográfica: España

670 ## - FUENTE EN LA QUE SE LOCALIZARON DATOS

  • Cita de la fuente: LC
  • Información localizada: Women - Education - Spain

902 ## - CATALOGADOR

  • Catalogador: MCM/130308